000
00304nam a2200097Ia 4500
008
220204s9999 xx 000 0 und d
082
_a
581.1(031)
_b
ENC.12C
245
0
_a
Encyclopedia of plant physiology. New Series. V 12C. Physiological plant ecology. III
260
_a
Berlin
_b
Springer
_c
1983
942
_c
BK
999
_c
36821
_d
36821